Nhl best players from the 2015's draft - Statistiques

Statistiques générales
  • Ce quiz a été pris 207 fois
  • Le résultat moyen est 9 sur 39
Statistiques - réponses
Pick drafted Team Redraft Réponse % Correct
1 EDM 1 Connor Mcdavid
99%
4 TOR 4 Mitch Marner
77%
2 BUF 2 Jack Eichel
76%
10 COL 3 Mikko Rantanen
72%
135 MIN 6 Kirill Kaprizov
69%
35 CAR 5 Sebastian Aho
67%
17 WIN 7 Kyle Connor
63%
16 NYI 8 Mathew Barzal
59%
8 CLB 10 Zach Werenski
41%
24 PHI 9 Travis Konecny
35%
49 DAL 13 Roope Hintz
30%
23 VAN 12 Brock Boeser
28%
18 OTT 16 Thomas Chabot
27%
9 SJS 11 Timo Meier
22%
3 ARZ 23 Dylan Strome
17%
20 MIN 15 Joel Eriksson Ek
16%
5 CAR 14 Noah Hanifin
15%
14 BOS 25 Jake DeBrusk
13%
7 PHI 17 Ivan Provorov
12%
148 ANA 19 Troy Terry
8%
6 NJD 21 Pavel Zacha
7%
11 FLA 31 Lawson Crouse
6%
123 ARZ 18 Conor Garland
5%
56 STL 20 Vince Dunn
5%
28 NYI 27 Anthony Beauvillier
3%
37 BOS 34 Brandon Carlo
3%
12 DAL 38 Denis Gurianov
3%
22 WSH 28 Ilya Samsonov
3%
25 WIN 26 Jack Roslovic
3%
77 FLA 29 Samuel Montembeault
3%
76 ARZ 24 Adin Hill
1%
43 LAK 33 Erik Cernak
1%
154 EDM 32 John Marino
1%
50 MIN 37 Jordan Greenway
1%
145 NSH 39 Karel Vejmelka
1%
42 NJD 35 Mackenzie Blackwood
1%
194 LAK 36 Matt Roy
1%
85 NSH 30 Thomas Novak
1%
166 CAL 22 Andrew Mangiapane
0%
Aucun quiz correspondant
Distribution des résultats
% des personnes avec chaque résultat
Percentile par nombre de réponses
Votre historique - résultats
Vous n’avez pas pris ce quiz